Score 0/20 Timer 04:00
3 Plays Today
% Correct
cat
96.1%
bird
96%
horse
95.6%
cat
94.4%
bird
94.3%
bird
94.1%
cat
94.1%
dog
93.8%
cat
93.1%
horse
92.4%
% Correct
dog
92.3%
dog
92%
bird
91%
dog
88.7%
horse
87.2%
cat
84.5%
horse
81.7%
bird
79.2%
horse
77.8%
dog
55.2%

You're not logged in!

Compare scores with friends on all Sporcle quizzes.
OR
Log In

Sporcle TV

Today on Sporcle TV


Watch our educational content, quiz creation guides, and fun videos on Sporcle TV.

Show Comments

Extras

Top Quizzes Today


Score Distribution

Your Account Isn't Verified!

In order to create a playlist on Sporcle, you need to verify the email address you used during registration. Go to your Sporcle Settings to finish the process.

Report this User

Report this user for behavior that violates our Community Guidelines.

Details: